00925nam a2200193Ia 4500003000900000008004100009020002100050040001600071080002300087111015000110245024300260260004800503300002300551650003300574650003100607650003600638700002800674700002900702IN-BaIIA211028s9999 xx 000 0 eng d a978-0521-88987-2 cIIA Library a082.2:52bIAU-S256 aSymposium of the International Astronomical Union on the Magellanic System, Stars, Gas, and Galaxiesn256thcKeele Universityd2008 July 28-Aug 1 4aThe magellanic systembproceedings of the 256th Symposium of the IAU on the magellanic system, Stars, gas, and Galaxies, held in Keele University, UNited Kingdom, July 28 - August 1, 2008cedited by Joana M Oliveira and Jacco Th Van Loon  aCambridgebCambridge University Pressc2009 a[various pagings.] aMagellanic clouds-Congresses aStar foramation-Congresses aStellar Astrophysics-Congresses aOliveira, Joana M., ed. aVan Loon, Jacco Th., ed.